Estudio proyectivo del trabajo de investigación en el Departamento de Tecnología: informe de investigación
El propósito general de este trabajo es elaborar la síntesis de los resultados de la investigación desarrollada por el Departamento de Tecnología de la Universidad Pedagógica Nacional sobre aspectos inherentes a la educación tecnológica desde su creación
Збережено в:
| Автор: | |
|---|---|
| Формат: | Книга |
| Мова: | Spanish |
| Опубліковано: |
Bogotá:
UPN,
1994
|
| Предмети: | |
| Онлайн доступ: | Enlace del recurso |
| Теги: |
Додати тег
Немає тегів, Будьте першим, хто поставить тег для цього запису!
|
MARC
| LEADER | 00000nam a2200000 a 4500 | ||
|---|---|---|---|
| 001 | 001364 | ||
| 008 | 030918s1994 ck a fr# #000|0#spa#d | ||
| 041 | 0 | |a spa | |
| 043 | |a s-ck--- | ||
| 082 | 0 | 4 | |a 371.426 |b P262e |
| 100 | 1 | |a Pérez Calderón, Urías | |
| 245 | 1 | 0 | |a Estudio proyectivo del trabajo de investigación en el Departamento de Tecnología: |b informe de investigación |c Urías Pérez Calderón |
| 260 | |a Bogotá: |b UPN, |c 1994 | ||
| 300 | |a 72 p.: |b il., tabl. | ||
| 504 | |a Incluye bibliografía. | ||
| 520 | 3 | |a El propósito general de este trabajo es elaborar la síntesis de los resultados de la investigación desarrollada por el Departamento de Tecnología de la Universidad Pedagógica Nacional sobre aspectos inherentes a la educación tecnológica desde su creación | |
| 650 | 1 | 4 | |a EDUCACIÓN TECNOLÓGICA |z COLOMBIA |
| 650 | 1 | 4 | |a INVESTIGACIÓN CIENTÍFICA |
| 999 | |c 3516 |d 3516 | ||
| 856 | |u https://catalogo.idep.edu.co/cgi-bin/koha/opac-detail.pl?biblionumber=3516 |z Enlace del recurso | ||